00967nam a2200253 a 4500001001000000003000500010005001700015008004100032010001100073011001100084040000900095100003700104245016500141260004100306500006000347502007100407650002300478650001900501650002900520650001900549650003600568700003900604856007000643000109641CHAP20220329144058.0140515s2014 mx sm |||||||spa d a106103 a107075 cCHAP1 aMartínez Gopar, Luis Jeshuandi10aCalibración del modelo SWAT, en la cuenca del Río turbio, Guanajuatoh[En línea]cpor Luis Jeshuandi Martínez Gopar y Ilse Denisse Rodríguez García. aChapingo, Méx. :bEl autor,c2014. aPara ver el contenido del material haga clic en la liga aTesis (Ing. en Irrigación) -- UACH. Departamento de Irrigación14aBalance hídrico.14aCalibración.14aCuencas hidrográficas.14aEscurrimiento.14aSedimentación y deposición.1 aRodríguez García, Ilse Denisse aFinding aiduhttp://10.13.5.2/tesis/sist109641.pdfzTeclea aquí